000 00913nam a2200217 a 4500
003 OSt
005 20150408114120.0
008 130224s2013 ua g b 000 0 ara d
020 _a9789770468483
040 _aMa-Un
082 0 4 _221
_a346.070285
_bم هـ أ
100 1 _921628
_aمحمود، هالة جمال الدين محمد.
245 1 0 _aأحكام الإثبات في عقود التجارة الإلكترونية /
_cهالة جمال الدين محمد محمود.
260 _aالقاهرة :
_bدار النهضة العربية،
_c2013
_m[1434]
300 _a494 ص. ؛
_c24 سم.
504 _aببليوجرافية : ص. 471-490.
650 7 _aالعقود الإلكترونية
_921778
_xقوانين وتشريعات
_2aucsh
650 7 _aالتجارة الإلكترونية
_xقوانين وتشريعات
_2aucsh
650 7 _aالإثبات (قانون)
_2aucsh
942 _2ddc
_cBOOK
999 _c28209
_d262709